| 000 | 01533cam a22003977a 4500 | ||
|---|---|---|---|
| 003 | CHAP | ||
| 005 | 20220817043438.0 | ||
| 008 | 980518d1995 mx a r 00110 spa d | ||
| 010 | _a75541 | ||
| 011 | _a76513 | ||
| 020 | _a9706207597 | ||
| 035 | _a86098 | ||
| 040 | _cCHAP | ||
| 082 | 0 | 4 |
_a658 _bG3 |
| 100 | 0 | 0 |
_aGallardo Velázquez, Anahí _ecoord. _944372 |
| 245 | 1 | 3 |
_aEl proceso de cambio y las organizaciones _c/coord. por Anahí Gallardo Velázquez |
| 260 |
_aMéxico, D. F. : _bUniversidad Autónoma Metropolitana. Unidad Azcapotzalco, _c1995. |
||
| 300 | _a197 p. | ||
| 410 | 2 | 1 |
_aUAM. Unidad Azcapotzalco. _bDivisión de Ciencias Sociales y Humanidades |
| 490 | 0 | _aBiblioteca de Ciencias Sociales y Humanidades. Serie administración | |
| 590 |
_aBATCH-UPD _b10 _c20130110 _lUCH01 _h0745 |
||
| 590 |
_aBATCH-UPD _b10 _c20130410 _lUCH01 _h0426 |
||
| 590 |
_aBATCH-UPD _b10 _c20130913 _lUCH01 _h1945 |
||
| 590 |
_aCONVERSION _b10 _c20130109 _lUCH01 _h1341 |
||
| 650 | 1 | 4 |
_aAdministración de empresas. _9922 |
| 650 | 1 | 4 |
_aOrganización. _983533 |
| 650 | 1 | 4 |
_aPobreza. _989463 |
| 650 | 1 | 4 | _aTrabajo y trabajadores. |
| 810 | 2 | 1 |
_aUAM. Unidad Azcapotzalco. _bDivisión de Ciencias Sociales y Humanidades _9115979 |
| 830 | 0 | 0 |
_aBiblioteca de Ciencias Sociales y Humanidades. Serie administración _912281 |
| 901 | _aBK | ||
| 905 | _aLilia Sánchez G. | ||
| 942 | _cLIBRO | ||
| 949 |
_a658 G3 _bBC _cLIBRO _d33724000596151 _eLIBRO _h93221 _i86098 _si |
||
| 949 |
_a658 G3 _bBC _cLIBRO _d33724000596169 _eLIBRO _fc.2 _h93222 _i86098 _sb |
||
| 999 |
_c75541 _d75541 |
||